[Event "14th Poti Open-A 2019"]
[Site "Poti"]
[Date "2019.07.15"]
[Round "3.5"]
[White "Eynullayev, Atilla"]
[Black "Babujian, Levon"]
[Result "0-1"]
[WhiteElo "2228"]
[BlackElo "2469"]
[Annotator "TA"]
[PlyCount "82"]
[EventDate "2019.07.13"]
[EventType "swiss"]
[EventCountry "GEO"]
[SourceTitle "playchess.com"]
[Source "ChessBase"]
[SourceQuality "1"]

{[%evp 9,82,11,13,0,18,0,0,8,0,0,0,-12,0,-27,-16,-51,0,7,0,-46,-63,-72,-73,-88,-81,-81,-54,-81,-81,-79,-77,-78,-54,-178,-173,-245,-249,-245,-238,-411,-389,-395,-377,-340,-234,-234,-234,-234,-234,-234,-234,-249,-239,-230,-234,-467,-456,-455,-423,-768,-646,-762,-762,-713,-700,-582,-561,-708,-694,-871,-812,-1523,-1111,-6007,-5210]} 1. d4 Nf6 2. c4 e6 3. g3 Bb4+ 4. Bd2 a5 5. Bg2 O-O 6. e4 {E00: Catalan Bogo-Indian (3 g3 Bb4+)} c5 7. d5 $146 ({Predecessor:} 7. Bxb4 axb4 8. e5 Ne8 9. dxc5 Na6 10. Nf3 Nxc5 11. O-O d6 12. exd6 Qf6 13. Qd2 Ra4 {½-½ (47) Donchenko,A (2577)-Granda Zuniga,J (2667) Douglas 2015}) 7... exd5 8. exd5 {The position is equal.} Re8+ 9. Ne2 Qe7 10. a3 Bxd2+ 11. Qxd2 d6 12. Nbc3 Nbd7 (12... a4 $1 $15) 13. b3 $11 Ne5 $36 {[%mdl 2048] Black has good play.} 14. O-O a4 $1 {[%cal Ra4b3]} 15. Qc2 (15. f4 $2 Neg4 $17) 15... axb3 16. Qxb3 Bf5 {aiming for ...Bd3.} 17. Nc1 h5 18. Nb5 {[#]} h4 $1 {[%mdl 512]} 19. Ra2 (19. gxh4 Nh5) 19... h3 20. Bh1 Bg4 21. f3 ({White should try} 21. a4 $15) 21... Bd7 $1 $19 22. Nc3 (22. a4 $142) 22... Qd8 23. N1e2 Qa5 24. Ne4 $2 (24. a4) 24... Nxe4 25. fxe4 Qa4 26. Rb1 Reb8 ({Weaker is} 26... Nxc4 27. Qxa4 Rxa4 28. Nc3 $17) 27. Nc3 Qxb3 28. Rxb3 Nxc4 29. Bf3 b5 30. Be2 {[#]} Ne5 $1 31. Kf2 Ra5 32. Rab2 $2 (32. Rbb2 {might work better.}) 32... c4 {Black is clearly winning.} 33. Rb4 {intending a4!} Rxa3 34. Nxb5 (34. Nb1 $142 Ra1 {[#]} 35. Bxc4 $1 {[%mdl 512]}) 34... Bxb5 35. Rxb5 Rxb5 36. Rxb5 {[%mdl 4096] Endgame KRB-KRN} Ra1 37. g4 Kh7 38. Rb8 Rh1 39. Kg3 Rg1+ 40. Kxh3 g5 {( -> ...Ng6)} 41. Rb7 c3 {Accuracy: White = 31%, Black = 80%.} 0-1

[Event "14th Poti Open-A 2019"]
[Site "Poti"]
[Date "2019.07.15"]
[Round "3.6"]
[White "Urazayev, Arystanbek"]
[Black "Azaryan, Tigran"]
[Result "1-0"]
[WhiteElo "2436"]
[BlackElo "2064"]
[Annotator "TA"]
[PlyCount "53"]
[EventDate "2019.07.13"]
[EventType "swiss"]
[EventCountry "GEO"]
[SourceTitle "playchess.com"]
[Source "ChessBase"]
[SourceQuality "1"]

{[%evp 22,59,0,0,-8,0,29,8,81,87,76,60,58,59,53,65,194,169,193,172,627,624,600,564,809,821,1492,1481,1371,1370,1456,1392,29976,2510,29993,29992,29992,29993,29993,29994]} 1. e4 c5 2. Nf3 Nc6 3. Bb5 g6 4. c3 Nf6 5. e5 Nd5 6. O-O Bg7 7. d4 cxd4 8. cxd4 d6 9. exd6 Qxd6 10. Nc3 Nxc3 11. bxc3 O-O 12. Re1 Be6 {B31: Sicilian: 2...Nc6 3 Bb5 g6} (12... Qd5 13. Qb3 Be6 14. Qxd5 Bxd5 15. Bxc6 bxc6 16. Rxe7 Rfe8 17. Rxe8+ Rxe8 18. Bf4 h6 19. a4 g5 20. Bd6 {½-½ (47) Zelcic,R (2555)-Bogosavljevic,B (2526) Banja Vrucica 2009}) 13. a4 a6 $146 ({Predecessor:} 13... Rfe8 14. Ba3 Qd7 15. Ng5 Bd5 16. c4 Bxg2 17. Kxg2 Bxd4 18. Qf3 Qf5 19. Qxf5 gxf5 20. Rad1 {1-0 (39) Georgiou,K (2186)-Drazic,S (2440) Athens 2016}) 14. Bd3 h6 (14... Rfe8 $11 {remains equal.}) 15. Ba3 $16 Qd7 16. Nd2 Rfc8 17. Ne4 $36 {[%mdl 2048] Threatens to win with Nc5. White has the initiative.} b6 18. Rb1 Qa7 ({Black should try} 18... Bg4 $14 19. f3 Bf5) 19. h4 Na5 20. h5 $1 {Hoping for hxg6.} g5 $2 {[#]} (20... Nc4) 21. Nxg5 $1 $18 {[%mdl 512]} hxg5 {[#]} 22. h6 $1 {[%mdl 512]} Qd7 (22... Bxh6 23. Qh5) 23. hxg7 Kxg7 24. Qh5 {Qh7+ would kill now.} Rh8 25. Qxg5+ {[%mdl 64] Double Attack} Kf8 26. d5 Re8 {[#]} 27. dxe6 {Played: Re1xe6} 1-0

[Event "14th Poti Open-A 2019"]
[Site "Poti"]
[Date "2019.07.15"]
[Round "3.7"]
[White "Botoyan, Smbat"]
[Black "Arabidze, Meri"]
[Result "0-1"]
[WhiteElo "2240"]
[BlackElo "2402"]
[Annotator "TA"]
[PlyCount "64"]
[EventDate "2019.07.13"]
[EventType "swiss"]
[EventCountry "GEO"]
[SourceTitle "playchess.com"]
[Source "ChessBase"]
[SourceQuality "1"]

{[%evp 21,64,-94,-97,-106,-95,-101,-60,-120,-114,-108,-102,-93,-72,-68,-78,-181,-191,-215,-223,-202,-218,-187,-193,-179,-170,-314,-281,-286,-264,-272,-274,-266,-259,-283,-283,-372,-380,-345,-289,-497,-484,-491,-483,-459,-412]} 1. e4 e5 2. Nf3 Nc6 3. d4 exd4 4. Bc4 Nf6 5. O-O Nxe4 6. Re1 d5 7. Bxd5 Qxd5 8. Nc3 Qa5 9. Nxe4 Be6 10. Bg5 h6 11. Bh4 Bb4 12. c3 {C56: Two Knights: 4 d4 exd4 5 0-0 Nxe4} dxc3 13. bxc3 Be7 (13... Ba3 14. Qb1 O-O 15. Nf6+ gxf6 16. Rxe6 Bb2 17. Rxf6 Qxc3 18. Qf5 Ne7 19. Qg4+ Ng6 {1-0 (32) Savchenko,B (2632)-Karjakin,S (2760) Moscow 2010}) 14. Rb1 (14. Bxe7 $15 Nxe7 15. Nd4) 14... Bxh4 $146 ({Predecessor:} 14... Rd8 15. Qe2 Qxa2 16. Qxa2 Bxa2 17. Rxb7 Bxh4 18. Rxc7 O-O 19. Nxh4 Rfe8 {½-½ (33) Maurin,O-Ladisic,A (2240) Chanac 1989}) 15. Nxh4 O-O ({Resist} 15... Qxa2 16. Rxb7 O-O 17. Rxc7 $15) 16. Rxb7 Rab8 17. Rxb8 Rxb8 18. Qf3 (18. a4 $17 {was called for.}) 18... Qxa2 $19 19. h3 Rb1 20. Rxb1 Qxb1+ 21. Kh2 Qb5 22. Qe3 a5 $36 {[%cal Ba7a5,Ba5a4,Ba4a3][%mdl 2080] ...a4 is the strong threat. White is under strong pressure.} 23. f4 (23. Nc5 $142 Qc4 24. Nf3) 23... Ne7 24. Ng3 Qc4 {Threatens to win with ...Nd5.} 25. f5 Qxh4 26. fxe6 a4 27. exf7+ Kxf7 28. Qf3+ {[#]} Qf6 $1 {[%cal Rf6f3] White must now prevent ...Qxf3.} 29. Qh5+ Kf8 30. Ne2 $2 (30. Qb5 {might work better.} Qf4 31. c4) 30... a3 {Black is clearly winning.} 31. Qa5 Qd6+ 32. Kg1 Qb6+ {Accuracy: White = 39%, Black = 91%.} 0-1

[Event "14th Poti Open-A 2019"]
[Site "Poti"]
[Date "2019.07.15"]
[Round "3.8"]
[White "Aliyev, Ravan"]
[Black "Tereladze, Sopiko"]
[Result "1-0"]
[WhiteElo "2385"]
[BlackElo "2144"]
[Annotator "TA"]
[PlyCount "89"]
[EventDate "2019.07.13"]
[EventType "swiss"]
[EventCountry "GEO"]
[SourceTitle "playchess.com"]
[Source "ChessBase"]
[SourceQuality "1"]

{[%evp 11,89,41,55,39,91,91,93,95,89,83,97,90,91,60,50,31,89,91,98,97,110,75,54,67,69,70,176,171,171,154,221,218,218,212,241,229,257,234,269,260,282,262,360,376,362,407,508,503,496,474,593,595,560,564,531,555,547,531,650,666,683,650,753,754,721,704,1084,1124,1468,1505,1408,1431,1311,1284,1462,1357,29960,29957,29961,29961]} 1. d4 Nf6 2. c4 e6 3. Nc3 Bb4 4. Qc2 c5 5. dxc5 Bxc5 6. Nf3 d5 7. Bg5 {Threatens to win with cxd5. E38: Nimzo-Indian: Classical: 4...c5} (7. cxd5 Nxd5 8. Bg5 Qb6 9. O-O-O Bd7 10. Nxd5 exd5 11. Rxd5 Be7 12. Bxe7 Kxe7 13. Qc5+ Qxc5+ 14. Rxc5 Nc6 15. e4 Rac8 {1-0 (40) Bluebaum,M (2618)-Svane,R (2549) Helsingor 2016}) 7... d4 (7... Nc6 $14) 8. O-O-O $16 h6 9. Bxf6 $146 {White is better.} ({Predecessor:} 9. Bh4 Qc7 10. Bg3 Qd8 11. Nb5 Na6 12. e3 Bd7 13. exd4 Be7 14. Nd6+ Bxd6 15. Bxd6 {1-0 (22) Daverio,E-Joss,P Switzerland 1994}) 9... Qxf6 10. Ne4 {[%mdl 64] Double Attack} Qe7 11. Nxd4 O-O 12. Nb3 b6 13. e3 Nc6 (13... Na6 $14) 14. a3 $36 {[%mdl 2048] White is on the roll.} Bb7 15. Be2 a5 16. Rd2 a4 17. Nbxc5 bxc5 18. Rhd1 {Black must now prevent Rd7.} Rfd8 (18... Na5 $1 $14) 19. Rxd8+ $18 Nxd8 20. Bf3 f5 (20... Qc7 $16 {was called for.} 21. h3 f5) 21. Nc3 Bxf3 22. gxf3 Qe8 23. Nxa4 Qc6 24. e4 Nf7 25. Nc3 ({Less strong is} 25. exf5 Qxa4 26. Qxa4 (26. fxe6 Qxc2+ 27. Kxc2 Ng5 $11) 26... Rxa4 $16) 25... Ng5 26. exf5 Nxf3 {[#]} 27. f6 $1 Kf7 (27... gxf6 28. Qg6+) 28. fxg7 Rg8 29. Qe4 Qxe4 30. Nxe4 Nxh2 31. Nxc5 {[%mdl 4096] Endgame KRN-KRN} Ng4 32. Rd7+ Kf6 33. Ne4+ Kg6 34. c5 Ne5 35. Re7 Kf5 36. Ng3+ Kf6 37. Rc7 Nd3+ 38. Kc2 Nxf2 39. b4 {[%cal Bb2b4,Bb4b5,Bb5b6][%mdl 32]} Ng4 40. b5 Ne3+ 41. Kb3 Nd5 42. Rd7 Kg6 43. c6 Rxg7 {[#]} 44. Rxd5 $1 {[%mdl 512]} exd5 45. b6 {Accuracy: White = 83%, Black = 37%.} 1-0

[Event "14th Poti Open-A 2019"]
[Site "Poti"]
[Date "2019.07.15"]
[Round "3.9"]
[White "Yeritsyan, Hayk"]
[Black "Gvetadze, Sofio"]
[Result "1-0"]
[WhiteElo "2210"]
[BlackElo "2316"]
[Annotator "TA"]
[PlyCount "139"]
[EventDate "2019.07.13"]
[EventType "swiss"]
[EventCountry "GEO"]
[SourceTitle "playchess.com"]
[Source "ChessBase"]
[SourceQuality "1"]

{[%evp 15,139,8,11,-1,25,29,20,38,18,17,16,6,23,15,43,0,43,26,43,50,39,45,63,57,58,56,60,47,48,42,51,60,60,31,181,92,101,103,167,69,78,70,89,68,72,75,57,32,224,224,221,218,228,114,305,290,334,334,346,277,346,328,365,327,326,83,327,327,529,516,468,450,450,433,1991,1151,12845,29944,29942,29942,29950,29952,29947,29949,29946,29944,12577,6303,29937,9754,12031,8217,8907,8179,29970,29972,29971,29972,29973,29974,29975,29974,29973,29974,29974,29970,29970,29972,29970,29973,29973,29973,29952,29940,29977,29978,29976,29979,29981,29982,29982,29983,29983,29984,29984,29985]} 1. d4 Nf6 2. c4 e6 3. g3 d5 4. Nf3 Bb4+ 5. Bd2 Be7 6. Bg2 O-O 7. O-O c6 8. Qb3 Nbd7 9. Bb4 {E11: Bogo-Indian} (9. Bf4 Ne4 10. Nc3 g5 11. Be3 Nd6 12. cxd5 exd5 13. Rad1 f5 14. Ne5 Nb6 15. Bc1 f4 16. e4 Kh8 17. exd5 cxd5 {0-1 (34) Gelfand,B (2676)-Andreikin,D (2722) Hengshui 2019}) 9... c5 10. Bxc5 Nxc5 11. dxc5 {The position is equal.} Bxc5 12. Nc3 dxc4 13. Qxc4 Qe7 $146 ({Predecessor:} 13... Qc7 14. Qf4 Bd6 15. Qh4 Bd7 16. Rac1 Qb6 {1-0 (53) Grabarczyk,M (2476)-Pytel,K (2413) Gorzow Wielkopolski 2008}) 14. Rac1 a6 15. e3 Ba7 (15... b5 $5 {[%cal Rb5c4]} 16. Qe2 (16. Nxb5 Bxe3 17. fxe3 axb5 $11) 16... Bb7 $11) 16. a4 e5 17. Nd5 Nxd5 18. Qxd5 Bb8 19. Rfd1 $36 {[%mdl 2048] Black is under pressure.} Be6 20. Qa5 f6 21. Nh4 g5 22. Nf3 Bd6 23. Qb6 Rad8 24. Ne1 Rf7 {[#]} ({Black should try} 24... Bg4 $14) 25. Bd5 (25. Bxb7 $1 $18 {[%mdl 512] Hoping for Bd5.} Rb8 (25... Qxb7 26. Qxd8+) 26. Rxd6 Rxb7 27. Qxa6) 25... Bxd5 $16 26. Rxd5 Qf8 (26... Rff8 $16 {is a better defense.}) 27. Rcd1 ({Better is} 27. e4 $18) 27... Bc7 $14 28. Qxb7 ({Much weaker is} 28. Rxd8 $6 Bxb6 29. Rxf8+ Kxf8 $11) 28... Ba5 $1 29. Rxd8 (29. Qb3 {seems wilder.} Rxd5 30. Qxd5 Bxe1 31. Rxe1 Qb4 32. Rc1) 29... Rxb7 30. Rxf8+ Kxf8 $16 {[%mdl 4096] Endgame KRB-KRN} 31. Nd3 Bb4 $2 (31... Rd7 $1 $14) 32. Nxb4 $18 Rxb4 {KR-KR} 33. Rd6 Kg7 34. Rxa6 (34. a5 $1 $18) 34... Rxb2 $2 (34... g4 $16 35. Ra8 Rxb2) 35. g4 $1 Ra2 36. Kg2 e4 37. Ra8 Kg6 38. h3 h5 39. a5 h4 40. Kf1 $2 (40. a6 $18) 40... Kg7 $2 (40... Ra1+ $16 41. Kg2 Ra3) 41. a6 Kh7 $2 (41... Ra1+ 42. Kg2 Kh7) 42. a7 Kg7 43. Ke1 $1 {[%cal Re1f1]} Kh7 {[#] If only Black now had time for ...Kg7....} 44. Kd1 $1 {[%cal Rd1c1]} Kg7 {[#]} (44... f5 $142 45. gxf5 g4) 45. Kc1 $1 {[%cal Rc1b1]} Ra1+ 46. Kb2 Ra6 47. Kc3 Ra1 48. Kd4 Ra4+ 49. Kd5 Kh7 50. Ke6 Kg7 51. Kf5 Ra5+ 52. Kxe4 Ra4+ 53. Kd3 Ra3+ 54. Kc4 Ra4+ 55. Kb3 {White mates.} Ra1 56. f4 gxf4 57. exf4 Ra6 58. Kc4 Ra4+ 59. Kc5 Ra1 60. Kd6 Ra6+ 61. Ke7 Ra1 62. f5 Re1+ 63. Kd6 Rd1+ 64. Kc5 Ra1 {[#]} 65. g5 $1 fxg5 {[#]} 66. f6+ $1 {[%mdl 576] Decoy} Kxf6 67. Rf8+ Ke5 68. a8=Q Rxa8 69. Rxa8 g4 70. Ra4 {Accuracy: White = 61%, Black = 33%.} 1-0

[Event "14th Poti Open-A 2019"]
[Site "Poti"]
[Date "2019.07.15"]
[Round "3.10"]
[White "Dolzhykova, Kateryna"]
[Black "Gabuzyan, Hovhannes"]
[Result "0-1"]
[WhiteElo "2228"]
[BlackElo "2622"]
[Annotator "TA"]
[PlyCount "68"]
[EventDate "2019.07.13"]
[EventType "swiss"]
[EventCountry "GEO"]
[SourceTitle "playchess.com"]
[Source "ChessBase"]
[SourceQuality "1"]

{[%evp 9,68,0,20,33,29,15,23,20,16,21,15,0,14,-50,-50,-25,0,0,-7,0,0,0,0,0,0,0,0,0,0,0,0,-7,-28,-6,-28,-23,0,-161,-146,-798,-767,-761,-708,-847,-844,-844,-841,-836,-824,-839,-839,-822,-820,-800,-783,-967,-799,-765,-758,-709,-702]} 1. e4 c5 2. Nc3 d6 3. d4 cxd4 4. Qxd4 Nc6 5. Qd2 e5 $146 (5... Nf6 6. b3 e6 7. Bb2 d5 8. exd5 exd5 9. O-O-O Be6 10. a3 Bc5 11. Nf3 {½-½ (49) Caruana,F (2819)-Vachier Lagrave,M (2773) Karlsruhe/Baden Baden 2019}) 6. b3 {B23: Closed Sicilian: Lines without g3} Nf6 7. Bb2 Be7 8. O-O-O {White has an edge.} O-O 9. Kb1 a5 10. a4 Nb4 11. f4 (11. Nf3 $11) 11... d5 $15 12. Nf3 d4 13. Qc1 Qb6 14. Nb5 Nxe4 {[#] Strongly threatening ...Bf5.} 15. Nxe5 Bc5 16. Rxd4 ({Don't play} 16. Nxd4 Nf2 $17) 16... Bxd4 17. Bxd4 Qh6 18. Bc4 {Black must now prevent Qe3.} Be6 19. Nc7 {Threatens to win with Bxe6.} Bxc4 20. Nxa8 Bxb3 21. cxb3 {And now Nb6 would win.} Rxa8 22. Re1 Nd6 {aiming for ...Rc8.} 23. Ka1 $2 (23. Bc5 $11) 23... Rc8 $36 {[%mdl 2048] Black has strong initiative.} ({Don't take} 23... Qxh2 24. Qd2 $17) 24. Nc4 $2 {[%mdl 8192]} (24. Bc3 $17 Nd5 25. Nc4 Nxc4 26. bxc4 Nxc3 27. Qxc3) 24... Nd3 {[%mdl 64] [#] Double Attack. Black is clearly winning.} 25. Qe3 Nxe1 26. Qxe1 Nxc4 27. bxc4 Qxf4 {[%mdl 4096] Endgame KQR-KQB} 28. Bb2 Qxc4 29. Qxa5 Qf1+ 30. Ka2 Qxg2 31. Qe5 h6 32. Ka1 Rd8 {( -> ...Qf1+)} 33. Qc3 Rd1+ 34. Ka2 Qd5+ {Accuracy: White = 55%, Black = 84%.} 0-1

[Event "14th Poti Open-A 2019"]
[Site "Poti"]
[Date "2019.07.15"]
[Round "3.11"]
[White "Nigalidze, Gaioz"]
[Black "Dilanyan, Grigor"]
[Result "1-0"]
[WhiteElo "2563"]
[BlackElo "2274"]
[Annotator "TA"]
[PlyCount "57"]
[EventDate "2019.07.13"]
[EventType "swiss"]
[EventCountry "GEO"]
[SourceTitle "playchess.com"]
[Source "ChessBase"]
[SourceQuality "1"]

{[%evp 25,61,27,43,26,64,67,73,62,77,55,56,59,58,82,69,-36,30,27,68,87,195,184,371,365,304,269,338,301,400,387,876,873,977,859,5594,4646,2355,2279]} 1. d4 Nf6 2. c4 e6 3. Nc3 c5 4. d5 exd5 5. cxd5 d6 6. e4 g6 7. f4 Bg7 8. Bb5+ Nfd7 9. a4 O-O 10. Nf3 Na6 11. O-O Nb4 12. Re1 a6 13. Bf1 Re8 14. Bd2 {A67: Modern Benoni: Taimanov Variation} (14. Be3 Nf6 15. Bf2 Nh5 16. Qd2 Bg4 17. Be2 Bh6 18. Be3 Nf6 19. h3 Bxf3 20. Bxf3 Nd7 21. a5 Rb8 22. Be2 Nf6 23. Bf3 Nd7 24. Be2 Nf6 25. Bf3 Nd7 {½-½ (25) Jakovenko,D (2725)-Gashimov,V (2734) Astrakhan 2010}) 14... Nf8 15. h3 b6 $146 ({Predecessor:} 15... Rb8 16. Qb3 Bd7 17. Kh1 h6 18. g4 Nh7 19. e5 dxe5 20. fxe5 Nxd5 21. Nxd5 Bc6 {1-0 (37) Kantsler,B (2496)-Uritzky,M (2407) Israel 2008}) 16. Qb3 {White is better.} Ra7 17. Be3 h6 18. Rad1 Nh7 19. Bf2 g5 20. fxg5 (20. a5 $14) 20... hxg5 (20... Nxg5 $15 21. Nd2 f5) 21. g4 Nf8 22. e5 dxe5 {[#]} (22... Bxe5 $16 23. Nxe5 dxe5) 23. a5 $1 $18 {[%cal Ba4a5,Ba5b6][%mdl 544]} f5 $2 (23... bxa5 24. Ne4 (24. Bxc5 Rd7 $11) 24... f6 25. Bxc5 (25. Nxc5 Ng6 $16) 25... Rd7) 24. axb6 Rf7 25. gxf5 ({Resist} 25. Bxc5 $6 fxg4 26. Nh2 (26. Qxb4 gxf3 27. Ne4 g4 $14) 26... g3 $18) 25... Bxf5 {...Bc2 is the strong threat.} 26. Ne4 ({Less strong is} 26. Bxc5 Nc2 $16) 26... Bxe4 27. Rxe4 {[#] Strongly threatening d6.} Qxb6 $2 (27... Qf6 28. Bxc5 Nd7) 28. d6 {White is clearly winning.} Re6 29. Nxg5 {Played: Bf1-c4} 1-0

[Event "14th Poti Open-A 2019"]
[Site "Poti"]
[Date "2019.07.15"]
[Round "3.12"]
[White "Hayrapetyan, Hovik"]
[Black "Eynullayev, Altay"]
[Result "1-0"]
[WhiteElo "2465"]
[BlackElo "2188"]
[Annotator "TA"]
[PlyCount "77"]
[EventDate "2019.07.13"]
[EventType "swiss"]
[EventCountry "GEO"]
[SourceTitle "playchess.com"]
[Source "ChessBase"]
[SourceQuality "1"]

{[%evp 24,79,18,17,11,0,12,0,18,9,11,0,47,18,10,10,15,18,16,16,46,47,55,35,70,33,46,37,37,40,41,41,41,43,47,54,45,33,49,45,153,145,139,147,317,219,579,570,815,815,818,843,1503,1277,1179,923,1299,1260]} 1. d4 Nf6 2. Nf3 g6 3. c4 Bg7 4. Nc3 d5 5. cxd5 Nxd5 6. e4 Nxc3 7. bxc3 c5 8. Be3 Bg4 9. Qd2 cxd4 10. cxd4 Nc6 11. Rd1 O-O 12. Be2 Rc8 13. O-O Qa5 {D85: Exchange Grünfeld: Unusual White 7th moves and lines with 7 Nf3} 14. h3 Bxf3 15. gxf3 (15. Bxf3 Qxd2 16. Rxd2 Na5 17. e5 Nc4 18. Rd3 Nxe3 19. fxe3 Rc7 20. Be4 Rfc8 21. Rb3 {½-½ (29) Anand,V (2811)-Carlsen,M (2826) Moscow 2011}) 15... Qxd2 {The position is equal.} 16. Rxd2 Na5 $146 ({Predecessor:} 16... a6 17. Rb1 b5 18. a4 bxa4 19. Ra1 Nb4 20. Rxa4 a5 21. Rxa5 {1-0 (34) Ikonnikov,V (2548)-Vandevoort,P (2340) Belgium 2001}) 17. Rb1 a6 18. Rd3 Rc2 19. Ra3 Rxe2 20. Rxa5 f5 $1 {[%cal Rf5f4]} 21. exf5 ({Wrong is} 21. Rxb7 $2 f4 $17) 21... gxf5 {aiming for ...f4.} 22. f4 ({Avoid the trap} 22. Rxb7 $2 f4 $19) 22... Rb8 23. Kg2 Rc2 24. Kf3 Bf6 25. Rb4 Kf7 26. a4 {[%cal Ba2a4,Ba4a5][%mdl 32]} Kg6 27. Rc5 $36 {[%mdl 2048] White has some pressure.} Ra2 $1 28. a5 Ra3 29. Kg2 Ra2 30. Rb6 Ra4 31. d5 Kf7 {[#]} (31... h5 $14) 32. d6 $1 $16 exd6 33. Rxd6 Kg6 $2 (33... Rg8+ $16 {was necessary.} 34. Kf3 Kg6) 34. Rc7 Rb4 $2 {[#]} (34... h6 35. Rcd7 Rg8) 35. Bd2 $1 $18 {[%cal Rd2b4] White is clearly winning.} Rb3 36. Bc3 $1 Rf8 37. Be5 Rb5 38. h4 h5 39. Rc3 {Played: Rd6-e6} 1-0

[Event "14th Poti Open-A 2019"]
[Site "Poti"]
[Date "2019.07.15"]
[Round "3.13"]
[White "Yeremyan, Alen"]
[Black "Tutisani, Noe"]
[Result "0-1"]
[WhiteElo "2148"]
[BlackElo "2460"]
[Annotator "TA"]
[PlyCount "58"]
[EventDate "2019.07.13"]
[EventType "swiss"]
[EventCountry "GEO"]
[SourceTitle "playchess.com"]
[Source "ChessBase"]
[SourceQuality "1"]

{[%evp 19,68,14,21,0,0,0,8,0,0,0,0,0,5,0,5,-24,-27,-28,-24,-31,-12,-7,-15,-25,27,-54,-48,-38,-49,-40,-29,-103,-86,-141,-145,-145,-145,-168,-150,-218,-179,-262,-193,-181,-184,-386,-381,-373,-345,-550,-550]} 1. e4 c5 2. Nf3 d6 3. d4 cxd4 4. Nxd4 Nf6 5. Nc3 a6 6. a4 g6 7. Be2 Bg7 8. O-O O-O 9. Be3 Nc6 10. Nxc6 bxc6 11. Qd2 {B90: Sicilian Najdorf: Unusual White 6th moves, 6 Be3 Ng4 and 6 Be3 e5} (11. a5 Nd7 12. Bd4 Bh6 13. Na4 c5 14. Bc3 Bb7 15. Bd3 Qc7 16. Qe2 Bf4 17. g3 Be5 18. f4 Bxc3 19. Nxc3 {1-0 (66) Onischuk,V (2594)-Andriasian,Z (2611) Dubai 2014}) 11... Rb8 12. b3 $146 ({Predecessor:} 12. Rab1 Re8 13. Rfd1 Qa5 14. f3 Be6 15. b4 Rxb4 16. Rxb4 Qxb4 17. Rb1 Qa3 18. Bxa6 Nd5 19. Nxd5 cxd5 {1-0 (32) Breininger,H (1837)-Reich,M (1856) Germany 2004}) 12... Qa5 13. Rad1 {The position is equal.} Qb4 14. Qd3 Nd7 15. Bd4 Ne5 16. Qd2 c5 $36 {[%mdl 2048] White is under pressure.} 17. Be3 (17. Bxe5 $5 Bxe5 18. Nd5 $11 {[%mdl 64] Double Attack}) 17... Nf3+ 18. Bxf3 {[#] Nd5 is the strong threat.} Bxc3 19. Qe2 a5 20. Bg5 f6 21. Bh6 Rd8 (21... Re8 $142) 22. Bg4 ({White should try} 22. e5 $1 $11) 22... c4 $15 23. Bxc8 Rdxc8 24. Rb1 Kf7 25. Qf3 (25. g3 $11) 25... cxb3 26. Rxb3 (26. cxb3 $142 Be5 27. Qe2) 26... Qc4 $17 27. Rfb1 Rb4 28. Rxb4 Bxb4 29. h3 (29. h4 $17) 29... Qc3 {Played: Qc4-a2} 0-1

[Event "14th Poti Open-A 2019"]
[Site "Poti"]
[Date "2019.07.15"]
[Round "3.14"]
[White "Muradli, Mahammad"]
[Black "Matevosyan, Sedrak"]
[Result "1/2-1/2"]
[WhiteElo "2454"]
[BlackElo "2185"]
[Annotator "TA"]
[PlyCount "105"]
[EventDate "2019.07.13"]
[EventType "swiss"]
[EventCountry "GEO"]
[SourceTitle "playchess.com"]
[Source "ChessBase"]
[SourceQuality "1"]

{[%evp 21,105,-4,3,11,24,18,18,0,14,0,0,2,8,2,18,22,51,63,97,17,29,25,28,31,161,163,154,160,167,166,160,166,161,159,152,165,156,160,157,123,120,129,216,214,206,185,203,181,284,284,291,264,1210,1018,2147,2131,1964,1836,1747,1629,1589,1668,1164,17,17,17,17,17,17,17,17,17,17,0,0,0,0,0,0,0,0,0,0,0,0,0]} 1. d4 Nf6 2. c4 e6 3. Nf3 b6 4. g3 Ba6 5. b3 Bb4+ 6. Bd2 Be7 7. Nc3 d5 8. cxd5 exd5 9. Bg2 Nbd7 10. O-O O-O 11. Bf4 Bb7 12. Qc2 {E15: Queen's Indian: 4 g3 sidelines, 4 g3 Ba6 and 4 g3 Bb7 early deviations} Nh5 (12... c6 13. Rfd1 Re8 14. Ne5 Nf8 15. e4 Ne6 16. Be3 Rc8 17. Qe2 Bb4 18. exd5 cxd5 19. Na4 {1-0 (48) Kramnik,V (2788)-Carlsen,M (2775) Moscow 2008}) 13. Bc1 Nhf6 {[#]} 14. Bf4 $146 ({Predecessor:} 14. Bb2 a6 15. Rfd1 Bd6 16. Rac1 Re8 17. e3 Qe7 18. Na4 Ne4 19. Ne5 f6 20. Nc6 Qe6 21. b4 Bf8 22. Nc3 Qxc6 23. Nxe4 Qxc2 24. Rxc2 dxe4 25. Rxc7 Bc8 26. d5 Bd6 27. Rc6 Bxb4 28. d6 Nf8 29. Rc4 Bc5 30. Bxe4 Ra7 31. Bb1 Be6 {0-1 (31) Shomoev,A (2559)-Socko,B (2644) Plovdiv 2008}) 14... Nh5 15. Be3 Nhf6 16. Rad1 Re8 17. Bf4 a6 18. Ne5 Bd6 {[%cal Rd7e5]} 19. Bg5 {[#] Threatens to win with Nxd7.} Be7 20. Rfe1 (20. Qf5 $16) 20... h6 $11 21. Bf4 Bd6 {[%cal Rd6e5]} 22. Qf5 $36 {[%mdl 2048] Hoping for Nxd5! White is pushing.} Nf8 (22... Re7 $14) 23. Nxd5 $1 $18 Bxd5 24. Bxd5 Bxe5 {[#]} 25. Bxf7+ $1 {[%mdl 512]} Kxf7 26. dxe5 {[%mdl 64] Pin} Qc8 27. Qxc8 Raxc8 28. exf6 Kxf6 29. f3 Ne6 30. Kf2 Nxf4 31. gxf4 $16 {[%mdl 4096] Endgame KRR-KRR} Red8 (31... g5 $16 32. Rd4 Rcd8 33. fxg5+ hxg5) 32. e4 $18 c5 33. Ke2 b5 34. h4 h5 (34... Rxd1 $142 35. Rxd1 Ke7) 35. Rxd8 Rxd8 36. Rd1 Rxd1 $2 (36... Rc8 37. Rd6+ Kf7 38. Rxa6 c4 39. bxc4 Rxc4 40. Ra7+ Kf6) 37. Kxd1 {KP-KP} g6 38. Kd2 Ke6 39. Ke3 Kd6 40. Kd3 Ke6 41. a4 Kd6 42. a5 $2 ({White should play} 42. e5+ $18 Kd7 43. Ke4) 42... Ke6 $11 {The position is equal.} 43. Ke3 Kf6 44. e5+ Ke7 45. Kd3 Kd7 46. Kc2 Ke6 47. b4 c4 $1 48. Kd2 Ke7 49. Ke3 Kd7 50. Kd4 Ke7 51. Ke4 Kd7 52. Kd4 Ke7 53. Ke4 {Accuracy: White = 59%, Black = 49%.} 1/2-1/2